Catálogo público

Introducción a la flora del estado de Querétaro / por María de la Luz Arreguín Sánchez.../y otros/ (Record no. 216929)

MARC details
000 -CABECERA
campo de control de longitud fija 00788nam a2200229Ia 4500
001 - NÚMERO DE CONTROL
campo de control Z_4262
008 - DATOS DE LONGITUD FIJA--INFORMACIÓN GENERAL
campo de control de longitud fija 220601s9999 xx 000 0 und d
082 ## - NÚMERO DE LA CLASIFICACIÓN DECIMAL DEWEY
Número de clasificación 581.972 A7
100 ## - ENTRADA PRINCIPAL--NOMBRE DE PERSONA
Nombre de persona Arreguín Sánchez, María de la Luz
9 (RLIN) 7434
245 ## - MENCIÓN DE TÍTULO
Título Introducción a la flora del estado de Querétaro / por María de la Luz Arreguín Sánchez.../y otros/
260 ## - PUBLICACIÓN, DISTRIBUCIÓN, ETC.
Lugar de publicación, distribución, etc. Querétaro, Qro. : Consejo de Ciencia y Tecnología del estado de Querétaro
300 ## - DESCRIPCIÓN FÍSICA
Extensión 361 p. ; ilus.
440 ## - MENCIÓN DE SERIE/PUNTO DE ACCESO ADICIONAL--TÍTULO
Título
500 ## - NOTA GENERAL
Nota general
503 ## - NOTA DE HISTORIA BIBLIOGRÁFICA (BK CF MU) [OBSOLETO]
Nota de historia bibliográfica DONACIÓN
650 ## - PUNTO DE ACCESO ADICIONAL DE MATERIA--TÉRMINO DE MATERIA
Término de materia o nombre geográfico como elemento de entrada 1. Botánica - Querétaro I. Rodríguez Castañeda, Berta II. Yepez Basurto, MargaritaÌ
9 (RLIN) 181190
901 ## - ELEMENTOS DE DATOS A LOCAL LDA (RLIN)
a 581.972 A7
902 ## - ELEMENTOS DE DATOS B LOCAL, LDB (RLIN)
a A
905 ## - ELEMENTOS DE DATOS E LOCAL, LDE (RLIN)
a 0000001997 0000000000 00
942 ## - ELEMENTOS DE PUNTO DE ACCESO ADICIONAL (KOHA)
Tipo de ítem Koha Libro_
Holdings
Estado de retiro Estado de pérdida Fuente del sistema de clasificación o colocación Estado dañado No para préstamo Código de colección Localización permanente Ubicación/localización actual Ubicación en estantería Fecha de adquisición Total de préstamos Código de barras Fecha visto por última vez Número de copia Precio válido a partir de Tipo de ítem Koha
    Dewey Decimal Classification     General Zootecnia Zootecnia   09/11/2005   z_4410 02/06/2022 1 02/06/2022 Libro